| 000 -LEADER |
| fixed length control field |
00502nam a22000977a 4500 |
| 008 - FIXED-LENGTH DATA ELEMENTS--GENERAL INFORMATION |
| fixed length control field |
170925b xxu||||| |||| 00| 0 eng d |
| 100 ## - MAIN ENTRY--AUTHOR'S NAME |
| Author's Name |
Yamamoto, Yokichi |
| 245 ## - TITLE STATEMENT |
| Title |
Japanese postage stamps (2nd edition) |
| 260 ## - PUBLICATION, DISTRIBUTION, ETC. (IMPRINT) |
| Place of publication, distribution, etc. |
Tokyo |
| Name of publisher, distributor, etc. |
Japan Travel Bureau |
| Date of publication, distribution, etc. |
1950 |
| 650 ## - TOPICAL TERM (Tag) |
| Topical term or geographic name |
Japan | Stamps -- Histories | Designs | Production | Definitive Issues | Commemorative Issues | Semi-postal Issues | Military and War Issues | Offices Abroad | Offices in Korea | Offices in China | Occupation Issues | Catalogs and Price Lists |